00820nam a2200229Ia 4500008004100000050001500041050001500056100003100071245015100102245003100253260003100284260001000315260001000325300001500335300002000350300001100370500005600381521002200437942000700459999001900466952010500485160517s9999 xx 000 0 und d aLB 1025.2  b.D339 2016 aDe La Rea, Yzelle Xaira B. 3aAn explanatory study on the social skills of the abandoned and neglected children of elsie gaches village with or without recreational activity /  cYzelle Xaira B. De La Rea. aLas Piñas, Philippines : bSISC, c2016. a95 pages : billustrations ; c28 cm. aIncludes bibliographical references and appendices. aSpecial Education cTH c293978d293978 001040aCLbCLcTHd2016-05-17l0oLB 1025.2 .D339 2016pT0973r2018-05-15 00:00:00w2016-05-17yTH